| 000 | 01466nab a22002777a 4500 | ||
|---|---|---|---|
| 999 |
_c6454 _d6454 |
||
| 003 | OSt | ||
| 005 | 20260205094934.0 | ||
| 008 | 190429b xxu||||| |||| 00| 0 spa d | ||
| 040 | _cPJ | ||
| 100 |
_97077 _aMateos, Julieta Carolina |
||
| 245 | 1 | 3 |
_aEl derecho a la tutela efectiva de las víctimas como derecho humano fundamental en el Sistema Interamericano / _cJulieta Carolina Mateos. |
| 260 |
_cCiudad Autónoma de Buenos Aires : _aThomson Reuters La Ley, _b2024. |
||
| 300 | _ap. 36-42 | ||
| 500 | _aCita: TR LALEY AR/DOC/855/2024. | ||
| 505 | _aSumario: I. Las normas de comportamiento como razones para la acción.— II. El silogismo práctico.— III. Las normas silogísticamente opacas.— IV. Algunas críticas y justificaciones a la regulación de delitos de posesión.— V. Una (propia) posición legitimatoria.— VI. Hacia una democratización del derecho penal. | ||
| 505 | _tSi te interesa el texto completo, solicitalo a koha@justierradelfuego.gov.ar | ||
| 650 | 0 |
_9343 _aDERECHO PENAL |
|
| 650 | 0 |
_9614 _aDERECHOS HUMANOS |
|
| 650 | 0 |
_9180 _aDEBIDO PROCESO |
|
| 650 | 0 |
_97076 _aDELITO DE ACCIÓN PÚBLICA |
|
| 650 | 0 |
_95972 _aDERECHO AL RECURSO |
|
| 650 | 0 |
_93637 _aTUTELA JUDICIAL EFECTIVA |
|
| 650 | 0 |
_93377 _aCORTE INTERAMERICANA DE DERECHOS HUMANOS |
|
| 773 | 0 |
_02658 _93164 _tRevista de derecho penal y criminología. Nº 4 - Mayo 2024 _dCiudad Autónoma de Buenos Aires : Thomson Reuters La Ley, 2017- _x00347914 |
|
| 942 |
_2udc _cANA |
||